Statistics for Cities By Their Rappers

Click here to take the quiz!

General Stats

  • This quiz has been taken 36 times
  • The average score is 10 of 20

Answer Stats

HintAnswer% Correct
Kendrick Lamar
YG
Ice Cube
Los Angeles
94%
King Von
Lil Durk
Chicago
87%
A$AP Rocky
Nicki Minaj
New York City
84%
Future
21 Savage
Atlanta
77%
Eminem
Big Sean
Detroit
77%
Megan Thee Stallion
Travis Scott
Houston
77%
Drake
PARTYNEXTDOOR
Toronto
68%
Central Cee
Dave
London
65%
Meek Mill
Will Smith
Philadelphia
58%
Rico Nasty
Shy Glizzy
Washington DC
45%
Lil WayneNew Orleans
42%
MacklemoreSeattle
39%
Iggy AzaleaSydney
39%
AminéPortland
29%
NellySt. Louis
23%
Yung Lean
Bladee
Stockholm
23%
NBA YoungboyBaton Rouge
19%
Burna BoyLagos
19%
TupacOakland
13%
TylaJohannesburg
10%

Score Distribution

Percentile by Number Answered

Percent of People with Each Score

Your Score History

You have not taken this quiz